THE ULTIMATE DESTINY LORE QUIZ - Statistics

General Stats
  • This quiz has been taken 71 times
  • The average score is 17 of 30
Answer Stats
Hint Answer % Correct
Last of her kind and bane of the Dreaming City Riven
93%
Murderer of the Hunter Vanguard Uldren Sov
91%
Stole the Light Savathun
83%
Demanded you "grow fat from strength" Calus
81%
Defeated the Worm God Akka Oryx
79%
Young Wolf The Guardian
79%
Conglomerate being which calls itself "The First Knife" The Witness
76%
Seiged and annexed Torobatl Xivu
76%
Successor to Andal Brask Cayde-6
74%
Exiled from the Last City Osiris
72%
Previous emperor of the Cabal Empire Ghaul
67%
"Feel free to kill yourself..." The Speaker
64%
Member of Eris Morns fireteam, was able to create own throne world Toland
64%
"DING... DING... DING..." Drifter
60%
The Man with The Golden Gun Shin Malphur
60%
Queen's Wrath Petra
59%
Guardian whose handcannon transformed due to Darkness Dredgen Yor
57%
From the planet Lubrae Rhulk
55%
Former Warden Variks
55%
Leader of the Future War Cult, rampant racist Lakshmi
53%
Scribe of House Light Eido
52%
Talkative and nervous ally in Savathuns Throne World Fynch
52%
Speaks to the Guardian through the Tablets of Ruin The Winnower
45%
Guardian "lost to time" Praedyth
38%
Negotiated peace with Commander Zavala Empress Caiatl
36%
Singer of the Deathsong Ir Yut
34%
Leader of the Devil Splicers Aksis
31%
Consumed by taken energy, unique connection with a creature Commander Sloane
24%
Led a massive attack on the Leviathan Val Ca'uor
17%
Found a way into the Black Garden and witnessed the creation of the Black Heart Rohan
10%
No matching quizzes found
Score Distribution
Percent of People with Each Score
Percentile by Number Answered
Your Score History
You have not taken this quiz